[Commedie in versi] La Lena /

Elmentve itt :
Bibliográfiai részletek
Szerző: Ariosto Lodovico
Dokumentumtípus: Cikk
Megjelent: 1857
Sorozat:Kolligátum
Kulcsszavak:Olasz irodalom - komédia
Online Access:http://misc.bibl.u-szeged.hu/25854
LEADER 00539nab a2200169 i 4500
001 misc25854
005 20191111110746.0
008 170912s1857 hu o 0|| zxx d
040 |a SZTE Miscellanea Repozitórium  |b hun 
041 |a zxx 
100 1 |a Ariosto Lodovico 
245 1 0 |a [Commedie in versi]   |h [elektronikus dokumentum] :  |b La Lena /  |c  Ariosto Lodovico 
260 |c 1857 
300 |a 62-82 
490 0 |a Kolligátum 
695 |a Olasz irodalom - komédia 
856 4 0 |u http://misc.bibl.u-szeged.hu/25854/1/018_005_062-082.pdf  |z Dokumentum-elérés